000 00693cam a22002531 4500
999 _c7401
_d7401
001 7482215
003 GBCCL
005 20241126110627.0
008 780214s1959 tnu 000 0 eng
010 _a 59009969
035 _a(OCoLC)3636619
040 _aDLC
_cTxAbH
_dDLC
042 _apremarc
050 0 0 _aBS600.2
_b.C6
082 _a220.07
_bCOL
100 1 _aColson, Howard P.,
_d1910-
_95973
245 1 0 _aPreparing to teach the Bible.
260 _aNashville,
_bConvention Press
_c[c1959]
300 _a148 p.
_c21 cm.
504 _aIncludes bibliography.
630 0 0 _aBible
_xStudy and teaching.
_9498
906 _a7
_bcbc
_coclcrpl
_du
_encip
_f19
_gy-gencatlg
942 _2ddc
_cBK